Normal view
MARC view
Entry Personal Name
001 - CONTROL NUMBER
- control field: 12603
003 - CONTROL NUMBER IDENTIFIER
- control field: HDC
005 - DATE AND TIME OF LATEST TRANSACTION
- control field: 20230624073403.0
008 - FIXED-LENGTH DATA ELEMENTS
- fixed length control field: 210209|| aca||aabn | a|a d
040 ## - CATALOGING SOURCE
- Original cataloging agency: HDC
- Transcribing agency: HDC
100 ## - HEADING--PERSONAL NAME
- Personal name: Hawa Z. Jaafar
670 ## - SOURCE DATA FOUND
- Source citation: Work cat.: (HDC): Hawa Z. Jaafar, author, Impact of water stress on reproductive development in sweet pepper (Capsicum annuum L.). III. Inhibition of water stress-induced ethylene production by silver thiosulphate /, 2000
